zpět

Detail výsledku týmu

Na Tahu , Olomouc

Datum a čas kvízu

24 Celkem bodů Celkový počet nahraných bodů na tomto kvízu bez doplňovacích otázek.
7. Pořadí na kvízu Konečné umístění týmu na tomto kvízu.

Zaznamenané odpovědi

# Otázka Odpověď Body Výsledky
1. Minulý týden se satelitní sním... srdce 1
2. Minulý týden jsme se dozvěděli... Magnolia (magnólie) 1
3. Jak zní křestní jméno novoroze... Arnold, třetí potomek 0.5
4. Evropská komise udělila pokut... Mercedes-Benz 0
5. Tento 46letý muž se jmenuje Ma... Dukla (Praha) 0
6. Miminkovské téma začněme u pro... D 0
7. U prvního miminka nás může pře... smolka 1
8. Ihned na první návštěvě u pedi... vitamín D 1
9. Pro klidný spánek miminka může... bílý šum 1
10. Ve které síti drogerií nakoupí... Rossmann 1